Methods of social work (Record no. 1464339)

MARC details
000 -LEADER
fixed length control field 00787 a2200253 4500
005 - DATE AND TIME OF LATEST TRANSACTION
control field 20251205172327.0
008 - FIXED-LENGTH DATA ELEMENTS--GENERAL INFORMATION
fixed length control field 251205b |||||||| |||| 00| 0 eng d
020 ## - INTERNATIONAL STANDARD BOOK NUMBER
International Standard Book Number 9789392003974 (hbk)
037 ## - SOURCE OF ACQUISITION
Terms of availability TB
040 ## - CATALOGING SOURCE
Original cataloging agency AL
Transcribing agency AL
041 ## - LANGUAGE CODE
Source of code eng
Language code of text/sound track or separate title eng
084 ## - COLON CLASSIFICATION NUMBER
Classification number YZ R5
Assigning agency AL
100 ## - MAIN ENTRY--PERSONAL NAME
Personal name Mehra, Gian
9 (RLIN) 847023
245 ## - TITLE STATEMENT
Title Methods of social work
260 ## - PUBLICATION, DISTRIBUTION, ETC.
Place of publication, distribution, etc. New Delhi, India:
Name of publisher, distributor, etc. K.K. Publications,
Date of publication, distribution, etc. 2025.
300 ## - PHYSICAL DESCRIPTION
Extent 655p.
365 ## - TRADE PRICE
Price amount 1995.00
Currency code INR
650 ## - SUBJECT ADDED ENTRY--TOPICAL TERM
Topical term or geographic name entry element Sociology
9 (RLIN) 855028
650 ## - SUBJECT ADDED ENTRY--TOPICAL TERM
Topical term or geographic name entry element Social Work
9 (RLIN) 855029
700 ## - ADDED ENTRY--PERSONAL NAME
Personal name Lal, Sohan
Relator term author.
9 (RLIN) 855030
700 ## - ADDED ENTRY--PERSONAL NAME
Personal name Lucy
Relator term author.
9 (RLIN) 855031
942 ## - ADDED ENTRY ELEMENTS (KOHA)
Koha item type Textbook
Source of classification or shelving scheme Colon Classification (CC)
Suppress in OPAC No
Classification part YZ R5
Holdings
Withdrawn status Lost status Source of classification or shelving scheme Damaged status Not for loan Home library Current library Date acquired Source of acquisition Cost, normal purchase price Inventory number Total Checkouts Full call number Barcode Date last seen Cost, replacement price Price effective from Koha item type
    Colon Classification (CC)     Central Library Central Library 2025-11-21 91/ K. K. Publications 1596.00 BL35 & 2025-10-31   YZ R5 AL1804977 2025-11-21 1995.00 2025-11-21 Textbook
Copyright @ Delhi University Library System